[Event "Êîìàíäíîå ïåð-âî ÐÔ 2012 ã. ïî êëàññè÷åñêèì øàõìàòàì "]
[Site "Ðûáèíñê"]
[Date "2012.08.06"]
[Round "5.91"]
[White "Ëåïêàñîâ Âëàäèñëàâ "]
[Black "Äåíèñîâ Âëàäèñëàâ "]
[Result "1/2-1/2"]
[WhiteElo "2171"]
[BlackElo "2110"]
[Annotator ""]
[Source ""]
[Remark ""]

1.e4 e5 2.Nf3 Nc6 3.Bb5 a6 4.Ba4 Nf6 5.O-O Be7 6.Re1 b5 7.Bb3
d6 8.c3 O-O 9.h3 Na5 10.Bc2 c5 11.d4 Qc7 12.d5 Bd7 13.Nbd2 g6
14.Nf1 Nh5 15.Bh6 Ng7 16.Ng3 Nb7 17.a4 f6 18.b3 Qc8 19.axb5 axb5
20.Qe2 Nd8 21.Bd3 Rxa1 22.Rxa1 Qb8 23.Ra5 Nf7 24.Bxg7 Kxg7 25.Qa2
Rc8 26.Ne1 Rc7 27.Be2 Rb7 28.Nc2 Qc8 29.Ne3 Rb8 30.Bg4 Bxg4 31.Nxg4
Bd8 32.Ra6 Bb6 33.c4 b4 34.Qa4 h5 35.Ne3 h4 36.Ngf1 f5 37.exf5
gxf5 38.Qb5 Bd8 39.Qc6 Kg6 40.Ra7 Qxc6 41.dxc6 Rc8 42.Ra6 Kf6
43.Nd5+ Ke6 44.Nfe3 Nh6 45.g4 hxg3 46.fxg3 Bg5 47.Kf2 Ng8 48.Ra7
f4 49.Ng4 Ne7 50.h4 fxg3+ 51.Kxg3 Bf4+ 52.Nxf4+ exf4+ 53.Kxf4
Nxc6 54.Ra1 Nd4 55.Re1+ Kf7 56.Re3 Rh8 57.Rh3 Ne6+ 58.Kg3 Kg6
59.Nf2 Kf5 60.h5 Nf4 61.Rh2 Nxh5+ 62.Kf3 Rf8 63.Ne4 Ke5+ 64.Ke3
Ng7 65.Rh7 Rf7 66.Rh3 Ra7 67.Kd3 Ra3 68.Nd2 Ne6 69.Rh5+ Kf6 70.Kc2
Ra2+ 71.Kc1 Nd4 72.Ne4+ Ke7 73.Nd2 Ke6 74.Rh3 Ke5 75.Re3+ Kf4
76.Re4+ Kg3 77.Re8 Kf2 78.Ne4+ Kf3 79.Nd2+ Kf4 80.Re4+ Kf5 81.Re8
Ne6 82.Rh8 Nf4 83.Re8 Nd3+ 84.Kd1 Nf4 85.Ne4 Rb2 86.Nxd6+ Kg4
87.Re3 Ng2 88.Rd3 Rf2 89.Kc1 Rf3 90.Rxf3 Kxf3 91.Nb7 Ke3 92.Nxc5
Kd4 93.Na4 Ne3 94.c5 Kd5 95.Kd2 Nf5 96.Kd3 Ng7 1/2-1/2

[Event "Êîìàíäíîå ïåð-âî ÐÔ 2012 ã. ïî êëàññè÷åñêèì øàõìàòàì "]
[Site "Ðûáèíñê"]
[Date "2012.08.06"]
[Round "5.92"]
[White "Ïàÿíèäè ßíèñ "]
[Black "Èïàòîâ Àëåêñàíäð "]
[Result "1/2-1/2"]
[WhiteElo "2096"]
[BlackElo "2159"]
[Annotator ""]
[Source ""]
[Remark ""]

1.e4 e6 2.d4 d5 3.Nc3 Bb4 4.e5 c5 5.a3 Bxc3+ 6.bxc3 Qc7 7.Nf3
Nc6 8.Bd3 Bd7 9.O-O f6 10.a4 c4 11.Be2 fxe5 12.Nxe5 Nxe5 13.dxe5
Qxe5 14.Be3 Nf6 15.Bd4 Qf5 16.Re1 O-O 17.Bf3 Rfe8 18.Re5 Qg6
19.Qe2 Qf7 20.Qe3 Bc6 21.Rg5 a5 22.Qe5 h6 23.Rg3 Kh7 24.Bg4 b5
25.axb5 Bxb5 26.Bh3 a4 27.f4 a3 28.Ra2 Bd7 29.Re3 Ne4 30.g4 Reb8
31.Re1 Rb2 32.Rea1 Nd2 33.Bg2 Rxa2 34.Rxa2 Nb3 35.Be3 Qg6 36.f5
Qxg4 37.fxe6 Bxe6 38.h3 Qd1+ 39.Kh2 Bf7 40.cxb3 cxb3 41.Bd4 Rg8
42.Rf2 Qh5 43.Qxh5 Bxh5 44.Bxd5 Rb8 45.Bxb3 Rxb3 46.c4 Be8 47.Rg2
Bg6 48.c5 Rb4 49.Ba1 Rc4 50.Ra2 Ra4 51.Rg2 Ra6 52.h4 h5 53.Kg1
Rc6 54.Ra2 Ra6 55.c6 Rxc6 56.Rxa3 Rc7 57.Be5 Re7 58.Bf4 1/2-1/2

[Event "Êîìàíäíîå ïåð-âî ÐÔ 2012 ã. ïî êëàññè÷åñêèì øàõìàòàì "]
[Site "Ðûáèíñê"]
[Date "2012.08.06"]
[Round "5.93"]
[White "Åðìîëàåâ Åâãåíèé "]
[Black "Ãëóøêîâ Ëåâ "]
[Result "0-1"]
[WhiteElo "2161"]
[BlackElo "1987"]
[Annotator ""]
[Source ""]
[Remark ""]

1.e4 e6 2.d4 d5 3.Nc3 Bb4 4.e5 c5 5.a3 Bxc3+ 6.bxc3 Ne7 7.h4
Qc7 8.Nf3 Nbc6 9.h5 h6 10.Bd3 Qa5 11.Bd2 c4 12.Be2 Bd7 13.Nh4
g5 14.Nf3 Ng8 15.Nh2 f5 16.exf6 Nxf6 17.O-O O-O-O 18.f4 gxf4
19.Rxf4 Ne4 20.Bf3 e5 21.Rxe4 dxe4 22.Bxe4 Ne7 23.Qf1 Qc7 24.Nf3
Bc6 25.Bxc6 Nxc6 26.Qxc4 exd4 27.cxd4 Qd7 28.Rb1 Qd5 29.Qc3 Rhg8
30.Bxh6 Qxh5 31.Qb3 b6 32.Bf4 Qg4 33.Bg5 Rxg5 34.Nxg5 Qxg5 35.Qh3+
Kb7 36.c3 Qe7 37.Rf1 Re8 38.Rf3 Qe1+ 39.Kh2 Qe6 40.Qh4 Qd6+ 41.Kg1
Re7 42.Rf6 Re1+ 43.Qxe1 Qxf6 44.Qe2 Qe7 45.Qf3 Qxa3 46.d5 Qc5+
47.Kh1 Nd8 48.g4 a5 49.g5 a4 50.g6 a3 51.d6+ Qc6 52.Qxc6+ Kxc6
53.g7 a2 54.g8Q a1Q+ 55.Kg2 Qb2+ 56.Kf1 Qc1+ 57.Kg2 Qd2+ 58.Kf1
Qd1+ 59.Kf2 Qxd6 60.Qg2+ Kb5 61.Qf1+ Kc5 62.Qa1 Qf4+ 63.Kg2 Qe3
64.Kh1 Qe4+ 65.Kg1 Qd5 66.Qa3+ Kc6 67.Qa8+ Kc5 68.Qa3+ Kb5 69.Qb4+
Kc6 70.Qa4+ Kb7 71.Qc2 Nc6 72.Qh7+ Ka6 73.Qh8 Kb5 74.Qh3 Ne5
75.Kf2 Qd3 76.Qc8 Qf3+ 77.Ke1 Qe3+ 78.Kf1 Qd3+ 79.Ke1 Nc6 80.Qh8
Kc4 81.Qh4+ Kb3 82.Kf2 Qxc3 83.Qh1 Qd2+ 84.Kg3 Qe3+ 85.Kg4 Ne5+
86.Kf5 Qf3+ 0-1

[Event "Êîìàíäíîå ïåð-âî ÐÔ 2012 ã. ïî êëàññè÷åñêèì øàõìàòàì "]
[Site "Ðûáèíñê"]
[Date "2012.08.06"]
[Round "5.94"]
[White "Èâàíîâà Êàðèíà "]
[Black "Ìàêàðåíêî Àëåêñàíäðà "]
[Result "0-1"]
[WhiteElo "1970"]
[BlackElo "2123"]
[Annotator ""]
[Source ""]
[Remark ""]

1.d4 Nf6 2.c4 g6 3.Nc3 Bg7 4.Nf3 O-O 5.g3 d6 6.Bg2 Nc6 7.O-O
a6 8.Qd3 Bf5 9.e4 Bg4 10.Be3 Re8 11.Rab1 e5 12.d5 Bxf3 13.Bxf3
Nd4 14.Bg2 Nd7 15.Ne2 Nc5 16.Qd2 a5 17.b3 Nxe2+ 18.Qxe2 b6 19.a3
Qd7 20.b4 axb4 21.axb4 Nb7 22.Ra1 Kh8 23.Qb2 f5 24.f3 f4 25.Bf2
fxg3 26.hxg3 Bh6 27.Rxa8 Rxa8 28.Ra1 Ra4 29.Ra3 Nd8 30.Qb3 Rxa3
31.Qxa3 Bf8 32.Qa8 Qe7 33.Qc8 Kg7 34.Bh3 Nf7 35.Be3 Qd8 36.Qxd8
Nxd8 37.Kf2 Be7 38.Ke2 h5 39.Kd3 Nf7 40.Kc3 Bg5 41.Bf2 Be7 42.Kb3
Kf8 43.Ka4 g5 44.Kb5 Ke8 45.Kc6 Kd8 46.Be6 Nh8 47.Be3 h4 48.gxh4
gxh4 49.Bf5 Nf7 50.Bd2 Bg5 51.Be1 Nh6 52.Bh3 Be7 53.Bf2 Ng8 54.Be3
Bf6 55.Bd2 Ne7+ 56.Kb7 Ng6 57.Be3 Be7 58.Kc6 Nh8 59.Be6 Bf6 60.Bd2
Nf7 61.Be3 Bg5 62.Bxf7 Bxe3 63.Be6 Bd2 64.c5 Bxb4 65.cxb6 cxb6
66.Kxb6 Ke7 67.Kb5 Bc5 68.Kc6 Kf6 0-1

[Event "Êîìàíäíîå ïåð-âî ÐÔ 2012 ã. ïî êëàññè÷åñêèì øàõìàòàì "]
[Site "Ðûáèíñê"]
[Date "2012.08.06"]
[Round "5.101"]
[White "Ãåíêåëü Äìèòðèé "]
[Black "Ñòóêîïèí Àíäðåé "]
[Result "0-1"]
[WhiteElo "1941"]
[BlackElo "2503"]
[Annotator ""]
[Source ""]
[Remark ""]

1.e4 c5 2.Nf3 e6 3.d4 cxd4 4.Nxd4 Nc6 5.Nxc6 bxc6 6.Bd3 Nf6 7.Nd2
d5 8.O-O Be7 9.b3 O-O 10.Bb2 a5 11.Qe2 a4 12.Rfe1 Qb6 13.exd5
cxd5 14.Nf3 Ba6 15.Ne5 Bxd3 16.Qxd3 Rfc8 17.Re2 Bc5 18.Qg3 a3
19.Bc1 Ne4 20.Qf3 Bxf2+ 21.Rxf2 Qd4 0-1

[Event "Êîìàíäíîå ïåð-âî ÐÔ 2012 ã. ïî êëàññè÷åñêèì øàõìàòàì "]
[Site "Ðûáèíñê"]
[Date "2012.08.06"]
[Round "5.102"]
[White "Òèëè÷ååâ Âÿ÷åñëàâ "]
[Black "Ðèâîíåíêî Âëàäèñëàâ "]
[Result "1-0"]
[WhiteElo "2416"]
[BlackElo "1992"]
[Annotator ""]
[Source ""]
[Remark ""]

1.e4 e6 2.d4 d5 3.e5 c5 4.c3 Qb6 5.Nf3 Nc6 6.a3 c4 7.Nbd2 Na5
8.g3 Bd7 9.Bh3 Ne7 10.O-O Nc8 11.Re1 Qc7 12.Nf1 Nb6 13.Ne3 Be7
14.Ng2 Rg8 15.Bg5 Bxg5 16.Nxg5 h6 17.Nf3 O-O-O 18.Bg4 Rde8 19.Nf4
g6 20.h4 Kb8 21.h5 g5 22.Ng2 Ba4 23.Qe2 Nc8 24.Ne3 Ne7 25.Bh3
Rd8 26.Nh2 Rh8 27.Nhg4 Qb6 28.Rab1 Ka8 29.Nf6 Qb3 30.Rec1 Qb6
31.Qf1 Nb3 32.Rd1 Na5 33.Re1 Nb3 34.Red1 Na5 35.Bg4 Bxd1 36.Bxd1
Nb3 37.Bxb3 Qxb3 38.f4 g4 39.Qd1 Qxd1+ 40.Rxd1 Nf5 41.Kf2 Nxe3
42.Kxe3 b5 43.Nxg4 a5 44.Nf6 Kb7 45.Ra1 Kc6 46.g4 Rb8 47.g5 hxg5
48.fxg5 b4 49.axb4 axb4 50.Ra6+ Kb7 51.Rd6 bxc3 52.bxc3 Kc8 53.g6
fxg6 54.hxg6 Rb7 55.Rxe6 Rh3+ 56.Kf4 Rg7 57.Nxd5 1-0

[Event "Êîìàíäíîå ïåð-âî ÐÔ 2012 ã. ïî êëàññè÷åñêèì øàõìàòàì "]
[Site "Ðûáèíñê"]
[Date "2012.08.06"]
[Round "5.103"]
[White "Ãàëèøíèêîâ Þðèé "]
[Black "Çàñüêî Ãðèãîðèé "]
[Result "0-1"]
[WhiteElo "1889"]
[BlackElo "2120"]
[Annotator ""]
[Source ""]
[Remark ""]

1.e4 e5 2.Nc3 Nf6 3.f4 d5 4.fxe5 Nxe4 5.Nf3 Bc5 6.d4 Bb4 7.Bd2
Nc6 8.Bb5 Bxc3 9.bxc3 Bg4 10.O-O O-O 11.Bd3 f6 12.exf6 Qxf6 13.Qe1
Qe7 14.Bxe4 dxe4 15.Ng5 Rxf1+ 16.Kxf1 Re8 17.Qh4 Bf5 18.Re1 h6
19.Nf3 Qf7 20.Ne5 Nxe5 21.dxe5 Qxa2 22.Qg3 Qe6 23.Qe3 b6 24.Qg3
a5 25.Ra1 Kh7 26.Bf4 g5 27.Bd2 Qxe5 28.Qxe5 Rxe5 29.Ke2 Rc5 30.Ra4
Kg6 31.Ke3 Kf6 32.Kd4 Bd7 33.Ra1 Bc6 34.Be3 Ke6 35.c4 a4 36.g3
Rf5 37.h4 gxh4 38.gxh4 Rh5 39.Bf2 Rf5 40.Be3 h5 41.Bg5 Rf2 42.Ra2
Rg2 43.Bd8 Rd2+ 0-1

[Event "Êîìàíäíîå ïåð-âî ÐÔ 2012 ã. ïî êëàññè÷åñêèì øàõìàòàì "]
[Site "Ðûáèíñê"]
[Date "2012.08.06"]
[Round "5.104"]
[White "Ìîðîçîâà Þëèÿ "]
[Black "Ïðàíèçèíà Àëèíà "]
[Result "1-0"]
[WhiteElo "1902"]
[BlackElo "1646"]
[Annotator ""]
[Source ""]
[Remark ""]

1.e4 e5 2.Nf3 Nc6 3.Bc4 Bc5 4.c3 Nf6 5.d4 exd4 6.e5 d5 7.Bb5
Nd7 8.cxd4 Be7 9.Nc3 Nb6 10.O-O O-O 11.Be3 Bd7 12.Bxc6 Bxc6 13.Nd2
Bd7 14.f4 Bf5 15.g4 Bc8 16.f5 Bg5 17.Qf3 Bxe3+ 18.Qxe3 Qh4 19.Qf4
Kh8 20.Nf3 Qe7 21.Rae1 Rg8 22.g5 Qd7 23.e6 fxe6 24.Ne5 Qe7 25.Ng6+
hxg6 26.Qh4# 1-0

[Event "Êîìàíäíîå ïåð-âî ÐÔ 2012 ã. ïî êëàññè÷åñêèì øàõìàòàì "]
[Site "Ðûáèíñê"]
[Date "2012.08.06"]
[Round "5.111"]
[White "Ìàì÷åíêî Ñåðãåé "]
[Black "Òàðàñîâ Àëåêñàíäð "]
[Result "0-1"]
[WhiteElo "1980"]
[BlackElo "2124"]
[Annotator ""]
[Source ""]
[Remark ""]

1.d4 c5 2.c3 Nf6 3.Nf3 d5 4.Bf4 Nc6 5.e3 Qb6 6.Na3 c4 7.Qc1 Bf5
8.Be2 e6 9.Nh4 Bxa3 10.bxa3 Bd3 11.Bxd3 cxd3 12.O-O O-O 13.Rb1
Qa6 14.Qb2 Na5 15.Rfd1 Rfc8 16.Nf3 Ne4 17.Rdc1 Nc4 18.Qxb7 Qxb7
19.Rxb7 d2 0-1

[Event "Êîìàíäíîå ïåð-âî ÐÔ 2012 ã. ïî êëàññè÷åñêèì øàõìàòàì "]
[Site "Ðûáèíñê"]
[Date "2012.08.06"]
[Round "5.112"]
[White "Êîæåâíèêîâ Èâàí "]
[Black "Êðàñîâñêèé Ñâÿòîñëàâ "]
[Result "0-1"]
[WhiteElo "2073"]
[BlackElo "1995"]
[Annotator ""]
[Source ""]
[Remark ""]

1.e4 Nf6 2.e5 Nd5 3.d4 d6 4.Nf3 Bg4 5.Be2 c6 6.O-O Bxf3 7.Bxf3
dxe5 8.dxe5 e6 9.Nd2 Nd7 10.Re1 Qc7 11.Nc4 b5 12.Bxd5 cxd5 13.Nd6+
Bxd6 14.Qxd5 O-O 15.Qxd6 Rac8 16.c3 Qxd6 17.exd6 Rc6 18.Bf4 Nb6
19.Rad1 Rd8 20.Re2 Nd5 21.Bg3 Kf8 22.h3 Ra6 23.a3 Rc6 24.Rd4
Nb6 25.Red2 Nc4 26.Rd1 e5 27.Rd5 Rcxd6 28.Rxd6 Rxd6 29.Rxd6 Nxd6
30.Bxe5 Nc4 31.Bd4 a6 32.b3 Nd2 33.b4 Nc4 34.Kf1 Nxa3 35.Ke2
f6 36.Kd3 Ke7 37.Bc5+ Ke6 38.Bf8 Kf7 39.Bd6 Ke6 40.Bf8 Kf7 41.Bc5
Ke6 42.Be3 Kd5 43.f3 f5 44.Bd4 g6 45.g4 fxg4 46.hxg4 h5 47.gxh5
gxh5 48.Bf2 Nc4 49.Bg3 Nd6 50.f4 Nf5 51.Bh2 h4 52.Ke2 Ke4 53.Kf2
Nh6 54.Kg2 Ng4 55.Bg1 Kxf4 56.Kh3 Ne3 57.Kxh4 Nd1 58.Bd4 Ke4
59.Kg3 Kd3 60.Kf4 Nxc3 61.Ke5 Kc4 62.Bb6 Nd5 63.Bd8 Nxb4 64.Kd6
Nd5 65.Kc6 b4 66.Bg5 a5 67.Bc1 a4 68.Kb7 a3 69.Ka6 Nc3 70.Ka5
Ne2 71.Bg5 a2 72.Bf6 Nc3 73.Bxc3 bxc3 0-1

[Event "Êîìàíäíîå ïåð-âî ÐÔ 2012 ã. ïî êëàññè÷åñêèì øàõìàòàì "]
[Site "Ðûáèíñê"]
[Date "2012.08.06"]
[Round "5.113"]
[White "Óôèìöåâ Åãîð "]
[Black "Åëåöêèé Èâàí "]
[Result "0-1"]
[WhiteElo "1911"]
[BlackElo "2115"]
[Annotator ""]
[Source ""]
[Remark ""]

1.Nf3 d5 2.d4 Nf6 3.c4 c6 4.Qb3 e6 5.Nc3 a6 6.c5 Nbd7 7.Qc2 e5
8.e3 e4 9.Nd2 Qc7 10.b4 g6 11.a4 h5 12.Ra2 b6 13.Nb3 Bg7 14.Ba3
bxc5 15.dxc5 O-O 16.b5 axb5 17.axb5 Bb7 18.Nd4 Rfb8 19.Be2 Ne5
20.O-O Nfg4 21.g3 Bh6 22.Bxg4 Nxg4 23.Qe2 Qd7 24.Rd1 Rd8 25.Rda1
Ne5 26.Bb4 h4 27.bxc6 Bxc6 28.Nxc6 Nf3+ 29.Kg2 Qxc6 30.Qb5 Rxa2
31.Qxc6 Rxa1 32.Ne2 Ra2 33.Qb6 Rda8 34.Bc3 Rxe2 35.c6 Bxe3 36.Qb7
Rxf2+ 37.Kh3 Rxh2+ 0-1

[Event "Êîìàíäíîå ïåð-âî ÐÔ 2012 ã. ïî êëàññè÷åñêèì øàõìàòàì "]
[Site "Ðûáèíñê"]
[Date "2012.08.06"]
[Round "5.114"]
[White "Êèñòåíåâà Åëèçàâåòà "]
[Black "Ìåäâåäåâà Àííà "]
[Result "1-0"]
[WhiteElo "2040"]
[BlackElo "1988"]
[Annotator ""]
[Source ""]
[Remark ""]

1.e4 c5 2.Nf3 Nc6 3.d4 cxd4 4.Nxd4 Qc7 5.Nc3 e6 6.Be2 Nf6 7.O-O
a6 8.a3 Be7 9.Be3 O-O 10.Kh1 d6 11.f4 Nxd4 12.Bxd4 b5 13.Qe1
Bb7 14.Qg3 Rfc8 15.e5 dxe5 16.Bxe5 Qb6 17.f5 Rf8 18.Rad1 Bc6
19.Rd4 g6 20.Qg5 Qb7 21.Bf3 Ne4 22.Qh6 f6 23.fxg6 Bc5 24.Nxe4
Bxd4 25.Bxd4 hxg6 26.Qxg6+ Qg7 27.Nxf6+ 1-0

[Event "Êîìàíäíîå ïåð-âî ÐÔ 2012 ã. ïî êëàññè÷åñêèì øàõìàòàì "]
[Site "Ðûáèíñê"]
[Date "2012.08.06"]
[Round "5.121"]
[White "Êóðçþêîâ Àíäðåé "]
[Black "Êèòàåâ Èëüÿ "]
[Result "1-0"]
[WhiteElo "2191"]
[BlackElo "1947"]
[Annotator ""]
[Source ""]
[Remark ""]

1.d4 Nf6 2.Nf3 e6 3.c4 Bb4+ 4.Bd2 Qe7 5.Nc3 d6 6.g3 Bxc3 7.Bxc3
Ne4 8.Rc1 Nd7 9.Bg2 Nxc3 10.Rxc3 O-O 11.O-O e5 12.Qc2 Qf6 13.Rd1
a5 14.h4 h6 15.Re3 exd4 16.Nxd4 Nc5 17.Nb5 Qd8 18.b3 Rb8 19.Qc3
b6 20.Nd4 Bb7 21.Nf5 f6 22.Ne7+ Kf7 23.Qc2 Qxe7 24.Rxe7+ Kxe7
25.Bxb7 Rxb7 26.Qg6 Rf7 27.Qf5 Rb8 28.Qd5 Kf8 29.Qc6 Re8 30.e3
Re5 31.Rb1 Re8 32.a3 Rfe7 33.b4 axb4 34.axb4 Ne6 35.Ra1 Nd8 36.Qf3
Re4 37.Qe2 Nc6 38.Rb1 Nd4 39.Qd3 Nc6 40.Qd5 Nd8 41.Rc1 R4e5 42.Qd2
Nf7 43.c5 dxc5 44.bxc5 bxc5 45.Qa5 R8e7 46.Qa8+ Re8 47.Qa7 Rc8
48.Rxc5 Rxc5 49.Qxc5+ Nd6 50.e4 Re8 51.Qxc7 Nxe4 52.f3 f5 53.fxe4
fxe4 54.Kf2 e3+ 55.Ke2 Re7 56.Qc8+ Kf7 57.g4 Re6 58.Qd7+ Re7
59.Qf5+ Ke8 60.g5 hxg5 61.hxg5 Kd8 62.g6 Kc7 63.Qd5 Kc8 64.Qc6+
Kd8 65.Qd6+ Ke8 66.Qd5 Kf8 67.Qd8+ Re8 68.Qh4 Re6 69.Qh8+ 1-0

[Event "Êîìàíäíîå ïåð-âî ÐÔ 2012 ã. ïî êëàññè÷åñêèì øàõìàòàì "]
[Site "Ðûáèíñê"]
[Date "2012.08.06"]
[Round "5.122"]
[White "Âàñèëüåâ Àðêàäèé "]
[Black "Ãëàäêîâ Äìèòðèé "]
[Result "0-1"]
[WhiteElo "1908"]
[BlackElo "1989"]
[Annotator ""]
[Source ""]
[Remark ""]

1.e4 c5 2.Nf3 Nc6 3.d4 cxd4 4.Nxd4 Nf6 5.Nc3 e5 6.Ndb5 d6 7.Bg5
a6 8.Na3 b5 9.Bxf6 gxf6 10.Nd5 Bg7 11.c3 f5 12.Bd3 Be6 13.Nxb5
axb5 14.Bxb5 Rc8 15.Qa4 Bd7 16.exf5 Nb8 17.Qg4 Kf8 18.a4 h5 19.Qe4
Qg5 20.Ne3 Bf6 21.Rd1 Be7 22.Bxd7 Nxd7 23.Qb7 Rd8 24.b4 Nf6 25.a5
d5 26.a6 Rd7 27.Qb8+ Kg7 28.Qxe5 Re8 29.Qd4 Bd6 30.h4 Qxg2 31.Ke2
Rxe3+ 32.Qxe3 Ng4 33.Rdg1 Nxe3 34.Kxe3 Qxg1 35.Rxg1+ Kf6 36.Rg5
d4+ 37.Kd3 dxc3 38.Kxc3 Rc7+ 39.Kb3 Rc6 40.b5 Rc5 41.Ka4 Rc4+
42.Ka5 Bc7+ 43.b6 Rc5+ 44.Kb4 Bxb6 45.Rxh5 Ba7 46.Rh6+ Kg7 47.Rd6
Rxf5 48.Rd7 Bc5+ 49.Kb5 Bxf2+ 50.Kc6 Rf6+ 51.Kb5 Rb6+ 52.Ka5
Rb2 53.h5 Be1+ 54.Ka4 Rb4+ 55.Ka3 Rb6 56.a7 Ra6+ 57.Kb3 Bd2 58.Rxd2
Rxa7 59.Rd5 Rc7 60.Rf5 Rc6 61.Rg5+ Kf6 62.Rg1 Rc5 63.Rh1 Kg7
64.Kb4 Rg5 65.Kc4 Kh6 66.Rf1 f5 67.Kd4 Kxh5 68.Ke5 Kg6 69.Rd1
Rg4 70.Re1 Kg5 71.Re2 Rg1 72.Rd2 Re1+ 73.Kd6 Kg4 74.Rg2+ Kf3
75.Rg8 f4 76.Rf8 Kg3 77.Rg8+ Kf2 78.Rf8 f3 79.Kd5 Kg2 80.Rg8+
Kf1 0-1

[Event "Êîìàíäíîå ïåð-âî ÐÔ 2012 ã. ïî êëàññè÷åñêèì øàõìàòàì "]
[Site "Ðûáèíñê"]
[Date "2012.08.06"]
[Round "5.123"]
[White "Äèëìóõàìåòîâ Àðòóð "]
[Black "Ãèíîñÿí Ðàçìèê "]
[Result "0-1"]
[WhiteElo "2078"]
[BlackElo "1976"]
[Annotator ""]
[Source ""]
[Remark ""]

1.e4 c5 2.Nf3 Nc6 3.Bb5 g6 4.O-O Bg7 5.c3 Nf6 6.e5 Nd5 7.d4 cxd4
8.cxd4 O-O 9.Nc3 Nc7 10.Ba4 d5 11.h3 f6 12.Re1 fxe5 13.dxe5 e6
14.Bg5 Ne7 15.Qd2 Bd7 16.Bxd7 Qxd7 17.Ne4 Nc6 18.Bf6 Ne8 19.Nc5
Qc8 20.Bxg7 Nxg7 21.Rac1 b6 22.Nd3 Qd7 23.Nh2 Rac8 24.Ng4 Nh5
25.Qg5 Qd8 26.Qh6 Nd4 27.Qd2 Qh4 28.Rxc8 Rxc8 29.Nf4 Rc4 30.Nxh5
gxh5 31.Nf6+ Kg7 32.Ne8+ Kf8 33.Nf6 Kg7 34.Qd1 Kg6 35.Qd3+ Nf5
36.b3 Rf4 37.Rf1 Qg5 38.Kh2 Kh6 39.g3 Rd4 40.Qf3 h4 41.Ng4+ Kg6
42.Rg1 h5 43.Nf6 hxg3+ 44.fxg3 Rd2+ 45.Kh1 Nd4 46.Qc3 Ne2 47.Qc7
Nxg3+ 48.Rxg3 Qxg3 49.Qh7+ Kg5 50.Qxh5+ Kf4 51.Qh6+ Kf3 52.Qxd2
Qxh3+ 53.Qh2 Qxh2+ 54.Kxh2 d4 55.Nh7 d3 56.Ng5+ Ke3 57.Nxe6 d2
58.Ng5 d1Q 0-1

[Event "Êîìàíäíîå ïåð-âî ÐÔ 2012 ã. ïî êëàññè÷åñêèì øàõìàòàì "]
[Site "Ðûáèíñê"]
[Date "2012.08.06"]
[Round "5.124"]
[White "Ìèêàèëîâà Ìèëàíà "]
[Black "Àáäóëèíà Áåëëà "]
[Result "1/2-1/2"]
[WhiteElo "1753"]
[BlackElo "1776"]
[Annotator ""]
[Source ""]
[Remark ""]

1.e4 c5 2.Nf3 Nc6 3.Nc3 g6 4.d4 cxd4 5.Nxd4 Bg7 6.Be3 Nf6 7.Be2
d6 8.Nb3 O-O 9.O-O Bd7 10.f4 Rc8 11.Bf3 Qc7 12.Nd5 Nxd5 13.exd5
Na5 14.Nxa5 Qxa5 15.c3 a6 16.Re1 Rfe8 17.Bf2 b5 18.a3 Qc7 19.Qd2
Rcd8 20.Bh4 Bc8 21.Re2 Bf6 22.Bxf6 exf6 23.Rae1 Qd7 24.Qd4 Rxe2
25.Rxe2 f5 26.Kf2 Re8 27.Rxe8+ Qxe8 28.Qa7 Qd7 29.Qxd7 Bxd7 30.Ke3
Kf8 31.Kd4 Ke8 32.b3 Kd8 33.c4 Kc7 34.c5 Bc8 35.a4 bxa4 36.bxa4
a5 37.Kc4 Ba6+ 38.Kd4 Bc8 39.Be2 Bd7 40.Bd1 Bc8 41.Be2 1/2-1/2

[Event "Êîìàíäíîå ïåð-âî ÐÔ 2012 ã. ïî êëàññè÷åñêèì øàõìàòàì "]
[Site "Ðûáèíñê"]
[Date "2012.08.06"]
[Round "5.131"]
[White "Íîæêèí Íèêèòà "]
[Black "Ìèõàéëîâ Âÿ÷åñëàâ "]
[Result "1/2-1/2"]
[WhiteElo "2117"]
[BlackElo "2325"]
[Annotator ""]
[Source ""]
[Remark ""]

1.e4 c5 2.c3 g6 3.d4 cxd4 4.cxd4 Bg7 5.Nc3 d6 6.h3 Nf6 7.Nf3
O-O 8.Bd3 Nc6 9.O-O a6 10.Be3 b5 11.Qd2 Bb7 12.d5 Ne5 13.Nxe5
dxe5 14.b4 Nh5 15.a4 bxa4 16.Nxa4 Nf4 17.Nc5 Bc8 18.Bxa6 Bxa6
19.Rxa6 Rxa6 20.Nxa6 Qd7 21.Rb1 Qb5 22.Nc5 Rc8 23.Ra1 h5 24.Ra7
h4 25.Bxf4 exf4 26.Qxf4 Qxb4 27.Rxe7 Rf8 28.Rc7 Bd4 29.Nd3 Qb1+
30.Nc1 Qb4 31.Nd3 Qb1+ 32.Nc1 Qb4 1/2-1/2

[Event "Êîìàíäíîå ïåð-âî ÐÔ 2012 ã. ïî êëàññè÷åñêèì øàõìàòàì "]
[Site "Ðûáèíñê"]
[Date "2012.08.06"]
[Round "5.132"]
[White "Ìîðîçîâ Åãîð "]
[Black "Êàðäàøåâñêèé Åâãåíèé "]
[Result "0-1"]
[WhiteElo "2116"]
[BlackElo "2105"]
[Annotator ""]
[Source ""]
[Remark ""]

1.d4 Nf6 2.g3 g6 3.c4 d5 4.Nf3 Bg7 5.Nc3 O-O 6.Bg2 c6 7.O-O dxc4
8.Ne5 Ng4 9.f4 Qb6 10.e3 Nxe5 11.fxe5 Be6 12.Kh1 Na6 13.Qe2 Rad8
14.Bd2 Rd7 15.Be1 Rfd8 16.Bf2 Qa5 17.Ne4 h6 18.b3 cxb3 19.axb3
Qb5 20.Qxb5 cxb5 21.Rxa6 bxa6 22.Nc5 Rc7 23.Be1 Rxc5 24.dxc5
Bxe5 25.Ba5 Rd3 26.b4 Bc8 27.c6 Kg7 28.Rc1 Rxe3 29.c7 Bd6 30.Kg1
f5 31.Bd5 Kf6 32.Kf2 Rd3 33.Ba8 Rd2+ 34.Kg1 Rd4 35.Rb1 Rc4 36.Bd5
Rc3 37.Kf2 Bxc7 38.Bxc7 Rxc7 39.Ke3 Bb7 40.Bxb7 Rxb7 41.Rc1 Rb6
42.Rc7 e5 43.Rxa7 Rd6 44.Ra8 Kg5 45.Re8 e4 46.Ra8 Rd3+ 47.Kf2
Ra3 48.h3 Ra4 49.Ke3 Rxb4 50.Rxa6 Rb2 51.Rb6 Rg2 52.h4+ Kh5 53.Kf4
Rf2+ 54.Ke5 e3 55.Kd4 e2 56.Re6 Rg2 57.Kc5 Rxg3 58.Rxe2 Kxh4
59.Kxb5 Rc3 60.Kb4 Rc8 0-1

[Event "Êîìàíäíîå ïåð-âî ÐÔ 2012 ã. ïî êëàññè÷åñêèì øàõìàòàì "]
[Site "Ðûáèíñê"]
[Date "2012.08.06"]
[Round "5.133"]
[White "Ïîëÿíöåâ Ðàäæ "]
[Black "Ñåäûõ Åãîð "]
[Result "1-0"]
[WhiteElo "1951"]
[BlackElo "1847"]
[Annotator ""]
[Source ""]
[Remark ""]

1.e4 c5 2.c3 d5 3.exd5 Qxd5 4.Nf3 e5 5.d4 cxd4 6.cxd4 exd4 7.Qxd4
Nf6 8.Nc3 Qe6+ 9.Be3 Nc6 10.Qc4 Bb4 11.Be2 O-O 12.O-O Bxc3 13.bxc3
Ne4 14.Rfc1 Bd7 15.Rab1 b6 16.Nd4 Nxd4 17.Qxd4 Bc6 18.Rd1 Rac8
19.Rbc1 Rc7 20.f3 Nc5 21.Bc4 Qg6 22.Qd6 Qxd6 23.Rxd6 Bb7 24.Rcd1
Na4 25.R1d4 Nxc3 26.Rd7 Rxd7 27.Rxd7 Bc6 28.Rxa7 b5 29.Bb3 Bd5
30.Bd2 Bxb3 31.axb3 Ne2+ 32.Kf2 Nd4 33.b4 Rd8 34.Rb7 f6 35.Be3
Ne6 36.Rxb5 Nc7 37.Rb7 Nd5 38.b5 Kf8 39.b6 h5 40.Ra7 Rb8 41.Bc5+
Kg8 42.b7 1-0

[Event "Êîìàíäíîå ïåð-âî ÐÔ 2012 ã. ïî êëàññè÷åñêèì øàõìàòàì "]
[Site "Ðûáèíñê"]
[Date "2012.08.06"]
[Round "5.141"]
[White "Çóáêîâ Âñåâîëîä "]
[Black "Ñïèðèäîíîâ Åâãåíèé "]
[Result "1/2-1/2"]
[WhiteElo "1928"]
[BlackElo "1911"]
[Annotator ""]
[Source ""]
[Remark ""]

1.e4 c6 2.d4 d5 3.Nc3 dxe4 4.Nxe4 Bf5 5.Ng3 Bg6 6.h4 h6 7.Nf3
e6 8.h5 Bh7 9.Bd3 Bxd3 10.Qxd3 Nf6 11.Bd2 a5 12.O-O-O Bb4 13.Ne4
Nbd7 14.g4 b5 15.g5 hxg5 16.Nexg5 Qe7 17.Rde1 Bxd2+ 18.Qxd2 Qb4
19.Qe2 Qc4 20.Qd2 Qxa2 21.Qc3 Qc4 22.Qd2 Rf8 23.h6 gxh6 24.Rxh6
Qb4 25.Qe2 O-O-O 26.Ne5 Nxe5 27.Rxf6 Nc4 28.c3 Qa4 29.Kb1 Nd6
30.Qf3 b4 31.cxb4 axb4 32.Rc1 Kc7 33.b3 Qb5 34.Nxe6+ fxe6 35.Rxf8
Rxf8 36.Qxf8 Qd3+ 37.Ka2 Qd2+ 38.Kb1 Qd3+ 39.Ka2 Qd2+ 40.Kb1
Qd3+ 41.Ka2 1/2-1/2

[Event "Êîìàíäíîå ïåð-âî ÐÔ 2012 ã. ïî êëàññè÷åñêèì øàõìàòàì "]
[Site "Ðûáèíñê"]
[Date "2012.08.06"]
[Round "5.142"]
[White "Äîðîíèí Àíäðåé"]
[Black "Ìåëüíèêîâ Ïåòð"]
[Result "1-0"]
[WhiteElo "1747"]
[BlackElo "1878"]
[Annotator ""]
[Source ""]
[Remark ""]

1.e4 e5 2.Nf3 Nc6 3.Bc4 Bc5 4.d3 Nf6 5.Nc3 a6 6.Bg5 h6 7.Bxf6
Qxf6 8.Nd5 Qd8 9.c3 d6 10.b4 Ba7 11.a4 O-O 12.O-O Ne7 13.b5 Nxd5
14.Bxd5 a5 15.Nd2 Qg5 16.Kh1 Qf6 17.Nc4 Bc5 18.Rc1 Ra7 19.f4
Qe7 20.fxe5 dxe5 21.d4 Bd6 22.dxe5 Bxe5 23.Nxe5 Qxe5 24.Bxf7+
Kh8 25.Qd4 Qxd4 26.cxd4 b6 27.Bd5 Rxf1+ 28.Rxf1 Bb7 29.Bxb7 Rxb7
30.Rf8+ Kh7 31.d5 g5 32.Rf7+ Kg6 33.Re7 Kf6 34.d6 Rb8 35.e5+
Kf5 36.dxc7 Rc8 37.Kg1 h5 38.Kf2 Ke4 39.Ke2 g4 40.g3 Kd4 41.Kd2
Ke4 42.Kc3 Kf3 43.Kd4 1-0

[Event "Êîìàíäíîå ïåð-âî ÐÔ 2012 ã. ïî êëàññè÷åñêèì øàõìàòàì "]
[Site "Ðûáèíñê"]
[Date "2012.08.06"]
[Round "5.143"]
[White "Õîðñóí Âñåâîëîä "]
[Black "Ñîêîëîâ Íèêèòà "]
[Result "1-0"]
[WhiteElo "1882"]
[BlackElo "1684"]
[Annotator ""]
[Source ""]
[Remark ""]

1.e4 c5 2.Nf3 d6 3.d4 cxd4 {%07-1052502989} 4.Nxd4 Nf6 5.Nc3
g6 6.Be3 Bg7 7.f3 O-O 8.Bc4 Nc6 9.Qd2 Bd7 10.O-O-O Ne5 11.Bb3
Qa5 12.h4 h5 13.g4 Rfc8 14.gxh5 Nxh5 15.Bh6 Nc4 16.Bxc4 Rxc4
17.Bxg7 Kxg7 18.Rhg1 Rxc3 19.Qxc3 Qxa2 20.Ne6+ Kg8 21.Nd4 Rc8
22.Qb3 Qxb3 23.Nxb3 Ba4 24.Kb1 Nf4 25.Rd2 Kh7 26.Nd4 Bd7 27.Ne2
Nxe2 28.Rxe2 Kh6 29.Rh2 f6 30.Rd1 Be6 31.Rd3 Kh5 32.Kc1 b5 33.Ra3
Rc7 34.Ra5 Rb7 35.Kd2 d5 36.Ke3 dxe4 37.fxe4 Kg4 38.Rg2+ Kxh4
39.Rxg6 Rc7 40.Rxb5 Rxc2 41.Kf3 1-0

[Event "Êîìàíäíîå ïåð-âî ÐÔ 2012 ã. ïî êëàññè÷åñêèì øàõìàòàì "]
[Site "Ðûáèíñê"]
[Date "2012.08.06"]
[Round "5.162"]
[White "Þìøàíîâ Ëåîíèä "]
[Black "Äóãèí Àíäðåé "]
[Result "1-0"]
[WhiteElo "1715"]
[BlackElo "1793"]
[Annotator ""]
[Source ""]
[Remark ""]

1.Nf3 Nf6 2.g3 d5 3.Bg2 c5 4.O-O e6 5.d3 Nc6 6.Nbd2 b6 7.e4 Be7
8.e5 Nd7 9.Re1 Qc7 10.Qe2 Bb7 11.Nf1 O-O-O 12.a4 h5 13.Bd2 h4
14.c3 Na5 15.b4 Nb3 16.Rab1 Nxd2 17.Qxd2 Rdg8 18.a5 g5 19.g4
f5 20.exf6 Nxf6 21.axb6 axb6 22.Ne3 h3 23.Bh1 Qf4 24.Nf1 Qxg4+
25.Ng3 Bd6 26.Qe2 Bxg3 27.fxg3 Re8 28.bxc5 Nh5 29.Ne5 Qxe2 30.Rxe2
Rhf8 31.c6 Ba8 32.Ra1 Kc7 33.Ra7+ Kd6 34.Rd7+ Kc5 35.d4+ Kb5
36.Ra7 1-0

[Event "Êîìàíäíîå ïåð-âî ÐÔ 2012 ã. ïî êëàññè÷åñêèì øàõìàòàì "]
[Site "Ðûáèíñê"]
[Date "2012.08.06"]
[Round "5.163"]
[White "×èñòÿêîâà Äàðüÿ"]
[Black "Êîïåíêèí Êèðèëë"]
[Result "0-1"]
[WhiteElo "1643"]
[BlackElo "2015"]
[Annotator ""]
[Source ""]
[Remark ""]

1.e4 c5 2.Nc3 g6 3.f4 Bg7 4.h4 h5 5.Nf3 Nc6 6.d3 d6 7.Be2 Nh6
8.Bd2 O-O 9.Qc1 Ng4 10.O-O Nd4 11.Nh2 Nxh2 12.Kxh2 b5 13.Qd1
b4 14.Nd5 Nxe2 15.Qxe2 e6 16.Ne3 Qxh4+ 17.Kg1 Bxb2 18.Rab1 Bd4
19.Qf3 Bb7 20.a3 a5 21.c3 bxc3 22.Rxb7 cxd2 23.g3 Qg4 24.Rbb1
Rab8 25.Rbd1 Rb2 26.Kg2 Qxf3+ 27.Kxf3 Bxe3 28.Kxe3 Rfb8 29.Rxd2
Rxd2 30.Kxd2 a4 31.Kc2 Rb3 32.Ra1 d5 33.e5 c4 34.dxc4 dxc4 35.Rg1
Rxa3 36.Kb2 Rb3+ 0-1